Amino acids (Record no. 221989)

MARC details
000 -LEADER
fixed length control field 02623nam a22002177a 4500
005 - DATE AND TIME OF LATEST TRANSACTION
control field 20220404091112.0
008 - FIXED-LENGTH DATA ELEMENTS--GENERAL INFORMATION
fixed length control field 220323b ||||| |||| 00| 0 eng d
020 ## - INTERNATIONAL STANDARD BOOK NUMBER
International Standard Book Number 9781032030890
040 ## - CATALOGING SOURCE
Transcribing agency AL
041 ## - LANGUAGE CODE
Language code of text/sound track or separate title eng
082 ## - DEWEY DECIMAL CLASSIFICATION NUMBER
Edition number 23
Classification number 572.65
Item number GUOA
100 ## - MAIN ENTRY--PERSONAL NAME
Personal name Guoyao Wu
9 (RLIN) 25140
245 ## - TITLE STATEMENT
Title Amino acids
Remainder of title Biochemistry and nutrition
250 ## - EDITION STATEMENT
Edition statement 2nd ed.
260 ## - PUBLICATION, DISTRIBUTION, ETC.
Place of publication, distribution, etc. New York
Name of publisher, distributor, etc. CRC Press
Date of publication, distribution, etc. 2022
300 ## - PHYSICAL DESCRIPTION
Extent xxviii,787p.
Other physical details PB
Dimensions 25.3x17.7cm.
365 ## - TRADE PRICE
Source of price type code General
Price type code 6468
Price amount ₹5698.71
Currency code
Unit of pricing ₹7306.04
Price note 22%
Price effective from 12-03-2022
520 ## - SUMMARY, ETC.
Summary, etc. Following its predecessor, the second edition of Amino Acids: Biochemistry and Nutrition presents exhaustive coverage of amino acids in the nutrition, metabolism and health of humans and other animals. Substantially revised, expanded and updated to reflect scientific advances, this book introduces the basic principles of amino acid biochemistry and nutrition, while highlighting the current knowledge of the field and its future possibilities.<br/>The book begins with the basic chemical concepts of amnio acids, peptides and proteins, and their digestion and absorption. Subsequent chapters cover cell-, tissue-, and species-specific synthesis and catabolism of amino acids and related bioactive metabolites, and the use of isotopes to study amino acids metabolism in cells and the body. The book details protein turnover, physiological functions of amino acids, as well as both the regulation and inborn errors of amino acid metabolism. The book concludes with a presentation on human and animal dietary requirements of amino acids and evaluates dietary protein quality.<br/>Features:<br/>Encompasses a comprehensive coverage of basic to applied concepts in amino acid metabolism in humans and other animals.<br/>Highlights important roles of dietary amino acids and protein intake in growth, physical performance and health, including sarcopenia mitigation and immunity.<br/>Discusses concerns over the excess intakes of amino acids or protein in the development of diseases, including cardiovascular disorders, diabetes and cancers, as well as bone integrity<br/>Each chapter contains select references to provide comprehensive reviews and original experimental data on the topics discussed.<br/>Each chapter is backed by original experimental data on various topics discussed and contains select references to aid the reader further in research.<br/>Written by Distinguished Professor of Animal Nutrition, Guoyao Wu, Ph.D., this book is an authoritative reference for students and researchers in both biomedicine and agriculture.
650 ## - SUBJECT ADDED ENTRY--TOPICAL TERM
Source of heading or term Life Sciences
Topical term or geographic name entry element Biochemistry
9 (RLIN) 25141
942 ## - ADDED ENTRY ELEMENTS (KOHA)
Source of classification or shelving scheme Dewey Decimal Classification
Koha item type Book
Holdings
Withdrawn status Lost status Source of classification or shelving scheme Damaged status Not for loan Collection code Home library Current library Date acquired Source of acquisition Cost, normal purchase price Total Checkouts Full call number Barcode Date last seen Date last checked out Cost, replacement price Price effective from Koha item type
    Dewey Decimal Classification     Bio Chemistry St Aloysius PG Library St Aloysius PG Library 03/14/2022 Biblios Book Point 5698.71 1 572.65 GUOA PG023885 02/17/2024 02/10/2024 7306.04 03/23/2022 Book